Name these ANIME CHARACTERS: - Statistics

General Stats
  • This quiz has been taken 915 times
  • The average score is 20 of 40
Answer Stats
Picture Answer % Correct
L Lawliet
95%
Eren Yeager
94%
Tanjiro Kamado
92%
Naruto Uzumaki
91%
Monkey D. Luffy
90%
Gon Freecss
88%
Saitama
88%
Yuuji Itadori
83%
Izuku Midoriya
81%
Anya Forger
72%
Shouyou Hinata
66%
Ken Kaneki
64%
Meliodas
63%
Edward Elric
62%
Denji
60%
Asta
58%
Violet Evergarden
54%
Zero Two
50%
Emma
48%
Nagisa Shiota
46%
Kaguya Shinomiya
42%
Thorfinn Karlsefni
42%
Senkuu Ishigami
41%
Jonathan Joestar
38%
Akame
36%
Subaru Natsuki
35%
Kazuto Kirigaya
29%
Mai Sakurajima
29%
Izumi Miyamura
28%
Rin Okumura
27%
Yato
27%
Taiga Aisaka
25%
Kaori Miyazono
21%
Kazuma Satou
19%
Shouko Nishimiya
16%
Sora
16%
Rintarou Okabe
13%
Mitsuha Miyamizu
12%
Shinichi Izumi
10%
Satoru Fujinuma
8%
No matching quizzes found
Score Distribution
Percent of People with Each Score
Percentile by Number Answered
Your Score History
You have not taken this quiz